00693 2200193 4500245006400000020001800064250001100082700002100093700002200114650002200136650001300158005001900171260002800190041001400218084000800232300002200240500022800262336000900490 aSistem Keuangan & Investasi SyariahcMuhammad FirdaushText a979-24-0806-1 aCet. 2 aMuhammad Firdaus aSofiniyah Ghufron aInvestasi Syariah aKeuangan a20240506101039 aJakartabRenaisanc2007 aIndonesia a332 a45 hlm. :c23 cm. aKegiatan investasi keuangan syariah pada prinsipnya adalah harus terkait secara langsung dengan suatu aset atau kegiatan usaha yang spesifik dan menghasilkan manfaat, karena atas manfaat tersebut dapat dilakukan bagi hasil. atext